Strong and prosperous communities (Record no. 106090)

MARC details
000 -LEADER
fixed length control field 01835cam a2200265 4500
001 - CONTROL NUMBER
control field ##L135534
008 - FIXED-LENGTH DATA ELEMENTS--GENERAL INFORMATION
fixed length control field 061106n2006 000 0 eng u
020 ## - INTERNATIONAL STANDARD BOOK NUMBER
International Standard Book Number 9780101693929
035 ## - SYSTEM CONTROL NUMBER
System control number (Sirsi) u135534
041 0# - LANGUAGE CODE
Language code of text/sound track or separate title eng
050 04 - LIBRARY OF CONGRESS CALL NUMBER
Classification number 353.334 $2 22
110 1# - MAIN ENTRY--CORPORATE NAME
Corporate name or jurisdiction name as entry element United Kingdom
Subordinate unit Department for Communities and Local Government
9 (RLIN) 4939
240 00 - UNIFORM TITLE
Uniform title Local government white paper
245 00 - TITLE STATEMENT
Title Strong and prosperous communities
Remainder of title the local government white paper
260 ## - PUBLICATION, DISTRIBUTION, ETC.
Place of publication, distribution, etc. London
Name of publisher, distributor, etc. TSO
Date of publication, distribution, etc. 2006
300 ## - PHYSICAL DESCRIPTION
Extent 2v.
490 #0 - SERIES STATEMENT
Series statement Cm
Volume/sequential designation 6939
520 ## - SUMMARY, ETC.
Summary, etc. Aims to give local people and local communities more influence and power to improve their lives and concerns the creation of strong prosperous communities and the delivery of better public services through a rebalancing of the relationship between central and local government and local people. Proposes giving local government, local communities and other local service providers more freedom and powers to bring about the changes that they want to see. Volume one sets out the following key themes: strong and prosperous communities; responsive services and empowered communities; effective, accountable and responsive local government; strong cities, strategic regions; local government as a strategic leader and place-shaper; new performance framework; efficiency - transforming local services; community cohesion, and steps towards implementation. Volume two exemplifies how the White Paper's proposals will apply to major local public service areas and cross-cutting issues.
590 ## - LOCAL NOTE (RLIN)
Local note IKA141106
650 24 - SUBJECT ADDED ENTRY--TOPICAL TERM
Topical term or geographic name entry element LOCAL GOVERNMENT WHITE PAPER
651 #4 - SUBJECT ADDED ENTRY--GEOGRAPHIC NAME
Geographic name England
Chronological subdivision 886-
690 ## - LOCAL SUBJECT ADDED ENTRY--TOPICAL TERM (OCLC, RLIN)
Topical term or geographic name as entry element PROPERTY-PROPERTY DEVELOPMENT
856 40 - ELECTRONIC LOCATION AND ACCESS
Uniform Resource Identifier <a href="https://www.communities.gov.uk/index.asp?id=1503999 ">https://www.communities.gov.uk/index.asp?id=1503999 </a>
Public note View the White Paper free of charge at www.communities.gov.uk...
942 ## - ADDED ENTRY ELEMENTS (KOHA)
Suppress in OPAC 0
Holdings
Withdrawn status Lost status Source of classification or shelving scheme Damaged status Not for loan Home library Current library Shelving location Date acquired Total Checkouts Full call number Barcode Date last seen Copy number Price effective from Koha item type
    Dewey Decimal Classification     Virtual Virtual Online 06/11/2006   ONLINE PUBLICATION 135534-2001 06/08/2019 1 06/08/2019 Book